000 00908nmc a2200313 a 4500
003 AR-BaBNM
005 20251128205233.0
008 077019s1973 ||||||||||||||000 | spa||
040 _cAR-BaBNM
245 1 0 _aPapel de la educación en el desarrollo nacional
250 _a1ª ed.
260 _aBuenos Aires
_bPaidós
_c1973
300 0 _a281 p.
_btablas
490 0 _aBiblioteca del educador contemporáneo
504 _aBibliografía: p. 280-281
650 4 _aEDUCACION Y DESARROLLO
650 4 _aEDUCACION Y EMPLEO
650 4 _aPOLITICA GUBERNAMENTAL
650 4 _aACCESO A LA EDUCACION
650 4 _aPAISES DESARROLLADOS
650 4 _aPLANES EDUCACIONALES
650 4 _aPLANIFICACION DE LA EDUCACION
650 4 _aTECNOLOGIA EDUCATIVA
653 _aEFICIENCIA
700 1 _aAdams, Don
_ecompilador
700 1 _aMastrogiácomo, Marta
_etraductor
942 _cBK
998 _csilvi
999 _c10540
_d10540